=LDR 00000nam 2200000 4500 =001 INLIS000000000032427 =005 20130612134432 =008 ***********************************ind** =035 ##$$0010-061300000032427 =041 ##$$a ind =082 ##$$a 028.5 =090 ##$$a 028.5, Uta f =100 ##$$a UTAMI, Nunik =245 ##$$a Fatimah Az - Zahra, Sang Putri Rasulullah, Nunik Utami ; Penyuntinh, Dadan RFamadhan =260 ##$$a 2009 $b Bandung =300 ##$$a 110 hlm, illus, 18 cm =650 ##$$a Bacaan Kanak-kanak =700 ##$$a Ramadhan, Dadan =850 ##$$a NBPNMAT =990 ##$$a 0001/BPAP-NTB/2015 =990 ##$$a 0001/BPAP-NTB/2015